00540aam a2200205 450000500170000000800410001704100080005808200140006610000260008024500410010626000150014726000100016226000090017230000180018165000180019965000270021765000210024465000320026565000370029720231206135934.0150608b2004 xxu||||| |||| 00| 0 spa d aESP a345 B957d aBurgos Mata, Álvaro aDerecho penal especial: antología  aCosta Rica bEUNED c2004 a376 páginas aDERECHO PENAL aDELITOS CONTRA LA VIDA aDELITOS SEXUALES aDELITOS CONTRA LA PROPIEDAD aDELITOS DE LA FUNCIÓN PUBLICA